<?xml version="1.0" encoding="UTF-8"?>
<record
    xmlns:xsi="http://www.w3.org/2001/XMLSchema-instance"
    xsi:schemaLocation="http://www.loc.gov/MARC21/slim http://www.loc.gov/standards/marcxml/schema/MARC21slim.xsd"
    xmlns="http://www.loc.gov/MARC21/slim">

  <leader>00840cam a2200253 a 4500</leader>
  <controlfield tag="001">116</controlfield>
  <controlfield tag="003">BR-CuiBMT</controlfield>
  <controlfield tag="005">20231216014037.0</controlfield>
  <controlfield tag="008">230816s2021    mgba          000 0 por d</controlfield>
  <datafield tag="020" ind1=" " ind2=" ">
    <subfield code="a">9786555181968</subfield>
  </datafield>
  <datafield tag="040" ind1=" " ind2=" ">
    <subfield code="a">BR-CuiBMT</subfield>
    <subfield code="c">BR-CuiBMT</subfield>
  </datafield>
  <datafield tag="080" ind1=" " ind2=" ">
    <subfield code="a">342.7</subfield>
    <subfield code="2">2007</subfield>
  </datafield>
  <datafield tag="090" ind1=" " ind2=" ">
    <subfield code="a">342.7</subfield>
    <subfield code="b">M444c</subfield>
  </datafield>
  <datafield tag="100" ind1="1" ind2=" ">
    <subfield code="a">Mattos, Karina Denari Gomes de</subfield>
  </datafield>
  <datafield tag="245" ind1="1" ind2="0">
    <subfield code="a">Compliance judicial :</subfield>
    <subfield code="b">por que e como aferir a efetividade de decis&#xF5;es estruturais /</subfield>
    <subfield code="c">Karina Denari Gomes de Mattos ; pref&#xE1;cio Carlos Bolonha.</subfield>
  </datafield>
  <datafield tag="260" ind1=" " ind2=" ">
    <subfield code="a">Belo Horizonte :</subfield>
    <subfield code="b">F&#xF3;rum,</subfield>
    <subfield code="c">2021.</subfield>
  </datafield>
  <datafield tag="300" ind1=" " ind2=" ">
    <subfield code="a">329 p. :</subfield>
    <subfield code="b">il. ;</subfield>
    <subfield code="c">22 cm</subfield>
  </datafield>
  <datafield tag="504" ind1=" " ind2=" ">
    <subfield code="a">Inclui bibliografia.</subfield>
  </datafield>
  <datafield tag="650" ind1=" " ind2=" ">
    <subfield code="a">Programas de compliance</subfield>
    <subfield code="x">Poder judici&#xE1;rio</subfield>
    <subfield code="z">Brasil</subfield>
  </datafield>
  <datafield tag="650" ind1=" " ind2=" ">
    <subfield code="a">Direito constitucional</subfield>
    <subfield code="z">Brasil</subfield>
  </datafield>
  <datafield tag="650" ind1=" " ind2=" ">
    <subfield code="a">Direito processual civil</subfield>
  </datafield>
  <datafield tag="650" ind1=" " ind2=" ">
    <subfield code="a">Direitos humanos</subfield>
  </datafield>
  <datafield tag="942" ind1=" " ind2=" ">
    <subfield code="2">udc</subfield>
    <subfield code="c">LV</subfield>
  </datafield>
  <datafield tag="952" ind1=" " ind2=" ">
    <subfield code="0">0</subfield>
    <subfield code="1">0</subfield>
    <subfield code="2">udc</subfield>
    <subfield code="4">0</subfield>
    <subfield code="7">0</subfield>
    <subfield code="a">BIBTCEMT</subfield>
    <subfield code="b">BIBTCEMT</subfield>
    <subfield code="d">2023-06-28</subfield>
    <subfield code="l">0</subfield>
    <subfield code="o">342.7 M444c</subfield>
    <subfield code="p">BIBTCEMT23080093</subfield>
    <subfield code="r">2023-08-16</subfield>
    <subfield code="t">Ex. 1</subfield>
    <subfield code="w">2023-08-16</subfield>
    <subfield code="y">LV</subfield>
  </datafield>
  <datafield tag="952" ind1=" " ind2=" ">
    <subfield code="0">0</subfield>
    <subfield code="1">0</subfield>
    <subfield code="2">udc</subfield>
    <subfield code="4">0</subfield>
    <subfield code="7">0</subfield>
    <subfield code="a">BIBTCEMT</subfield>
    <subfield code="b">BIBTCEMT</subfield>
    <subfield code="d">2023-11-16</subfield>
    <subfield code="l">0</subfield>
    <subfield code="o">342.7 M444c</subfield>
    <subfield code="p">BIBTCEMT23110600</subfield>
    <subfield code="r">2023-11-16</subfield>
    <subfield code="t">Ex. 2</subfield>
    <subfield code="w">2023-11-16</subfield>
    <subfield code="y">LV</subfield>
  </datafield>
  <datafield tag="952" ind1=" " ind2=" ">
    <subfield code="0">0</subfield>
    <subfield code="1">0</subfield>
    <subfield code="2">udc</subfield>
    <subfield code="4">0</subfield>
    <subfield code="7">0</subfield>
    <subfield code="a">BIBTCEMT</subfield>
    <subfield code="b">BIBTCEMT</subfield>
    <subfield code="d">2023-11-16</subfield>
    <subfield code="l">0</subfield>
    <subfield code="o">342.7 M444c</subfield>
    <subfield code="p">BIBTCEMT23110601</subfield>
    <subfield code="r">2023-11-16</subfield>
    <subfield code="t">Ex. 3</subfield>
    <subfield code="w">2023-11-16</subfield>
    <subfield code="y">LV</subfield>
  </datafield>
  <datafield tag="952" ind1=" " ind2=" ">
    <subfield code="0">0</subfield>
    <subfield code="1">0</subfield>
    <subfield code="2">udc</subfield>
    <subfield code="4">0</subfield>
    <subfield code="7">0</subfield>
    <subfield code="a">BIBTCEMT</subfield>
    <subfield code="b">BIBTCEMT</subfield>
    <subfield code="d">2023-11-16</subfield>
    <subfield code="l">0</subfield>
    <subfield code="o">342.7 M444c</subfield>
    <subfield code="p">BIBTCEMT23110602</subfield>
    <subfield code="r">2023-11-16</subfield>
    <subfield code="t">Ex. 4</subfield>
    <subfield code="w">2023-11-16</subfield>
    <subfield code="y">LV</subfield>
  </datafield>
  <datafield tag="952" ind1=" " ind2=" ">
    <subfield code="0">0</subfield>
    <subfield code="1">0</subfield>
    <subfield code="2">udc</subfield>
    <subfield code="4">0</subfield>
    <subfield code="7">0</subfield>
    <subfield code="a">BIBTCEMT</subfield>
    <subfield code="b">BIBTCEMT</subfield>
    <subfield code="d">2023-12-15</subfield>
    <subfield code="l">0</subfield>
    <subfield code="o">342.7 M444c</subfield>
    <subfield code="p">BIBTCEMT23120689</subfield>
    <subfield code="r">2023-12-16</subfield>
    <subfield code="t">Ex. 5</subfield>
    <subfield code="w">2023-12-16</subfield>
    <subfield code="y">LV</subfield>
  </datafield>
  <datafield tag="999" ind1=" " ind2=" ">
    <subfield code="c">116</subfield>
    <subfield code="d">116</subfield>
  </datafield>
</record>
